000 01480nam2a2200253 4500
001 RU\NLR\bibl\1306131
005 20250615152550.0
010 _a978-5-9787-0268-2
_93000
021 _aRU
_b2008-81770
_94754
035 _a(NLR Aleph) 001291641
090 _a563019
_c563019
100 _a20081211d2008 |||y0rusy50 ca
101 0 _arus
102 _aRU
105 _ay |||||||||
200 1 _aЛетопись Вознесения
210 _d2008
_aБ. м.
215 _a312, [4] с.
461 0 _1001RU\NLR\bibl\1103317
_12001#$aИнформация Иерархии Света человечеству накануне переполюсовки, квантового перехода, наступления эпохи Водолея, эры Сатья-Юга, шестой расы и великого галактического солнцестояния 21.12.2012 г.$vКн. 6
_91114639
_aБулгаков, В.
_cМосква
_d2007
_fВлад Булгаков
_nАмрита-Русь
_tИнформация Иерархии Света человечеству накануне переполюсовки, квантового перехода, наступления эпохи Водолея, эры Сатья-Юга, шестой расы и великого галактического солнцестояния 21.12.2012 г.
_vКн. 6
801 0 _aRU
_bNLR
_c20081211
_gRCR
801 1 _aRU
_bNLR
_c20081211
942 _cBOOK
980 _aNB